ការសិក្សាស្រាវជ្រាវ អំពីជំងឺលើដំណាំស្រូវ​( research of rice deseases ) (Record no. 272)

000 -LEADER
fixed length control field 00531nam a22001577a 4500
003 - CONTROL NUMBER IDENTIFIER
control field OSt
005 - DATE AND TIME OF LATEST TRANSACTION
control field 20150912102734.0
008 - FIXED-LENGTH DATA ELEMENTS--GENERAL INFORMATION
fixed length control field 150912b xxu||||| |||| 00| 0 eng d
040 ## - CATALOGING SOURCE
Transcribing agency RUA
082 ## - DEWEY DECIMAL CLASSIFICATION NUMBER
Classification number AGR ជៀច 1995 B015 Or.1
100 ## - MAIN ENTRY--PERSONAL NAME
9 (RLIN) 294
Personal name ជៀច ជាមិត្ត
245 ## - TITLE STATEMENT
Title ការសិក្សាស្រាវជ្រាវ អំពីជំងឺលើដំណាំស្រូវ​( research of rice deseases )
260 ## - PUBLICATION, DISTRIBUTION, ETC. (IMPRINT)
Place of publication, distribution, etc. Phnom Penh
Name of publisher, distributor, etc. RUA
Date of publication, distribution, etc. 1995
300 ## - PHYSICAL DESCRIPTION
Extent 81p.
Other physical details ill.
Dimensions 29cm.
942 ## - ADDED ENTRY ELEMENTS (KOHA)
Source of classification or shelving scheme
Koha item type AGR
Holdings
Price effective from Date last seen Permanent Location Not for loan Date acquired Source of classification or shelving scheme Koha item type Lost status Withdrawn status Total Renewals Date last checked out Total Checkouts Shelving location Damaged status Barcode Current Location Full call number
2015-09-122018-07-23Library Block B 2015-09-12 AGR   2018-07-101B015 RUA004111Library Block BAGR ជៀច 1995 B015 Or.1
2015-09-122019-12-13Library Block B 2015-09-12 AGR   2019-11-181B015 RUA004182Library Block BAGR ជៀច 1995 B015 Or.2
2015-09-122018-07-31Library Block B 2015-09-12 AGR  22018-07-214B015 RUA004112Library Block BAGR ជៀច 1995 B015 Or.3
2015-09-122017-11-01Library Block B 2015-09-12 AGR  12017-10-162B015 RUA004472Library Block BAGR ជៀច 1995 B015 Or.4
2015-09-122019-10-11Library Block B 2015-09-12 AGR   2019-10-043B015 RUA007170Library Block BAGR ជៀច 1995 B015 Or.5
មជ្ឈមណ្ឌលឯការនៃសាកលវិទ្យាល័យភូមិន្ទកសិកម្មចំការដូង

Powered by Koha